书目信息 |
| 题名: |
财富地产炼金术
|
|
| 作者: | 孙景浩 , 刘昌铭 , 刘朴生 著 | |
| 分册: | ||
| 出版信息: | 上海 上海三联书店 2010.03 |
|
| 页数: | 258页 | |
| 开本: | 25cm | |
| 丛书名: | ||
| 单 册: | ||
| 中图分类: | TU984.2 | |
| 科图分类: | ||
| 主题词: | 城市建筑--cheng shi jian zhu--研究--中国 | |
| 电子资源: | ||
| ISBN: | 978-7-5426-3212-8 | |
| 000 | 00926nam0 2200253 450 | |
| 001 | 012010554906 | |
| 005 | 20100604093738.95 | |
| 010 | @a978-7-5426-3212-8@dCNY58.00 | |
| 100 | @a20100604d2010 em y0chiy0120 ea | |
| 101 | 0 | @achi |
| 102 | @aCN@b310000 | |
| 105 | @aabh z 000yy | |
| 106 | @ar | |
| 200 | 1 | @a财富地产炼金术@Acai fu di chan lian jin shu@f孙景浩, 刘昌铭, 刘朴生著@Fsun jing hao,liu chang ming,liu pu sheng zhu |
| 210 | @a上海@c上海三联书店@d2010.03 | |
| 215 | @a258页@c彩图, 地图, 摹真@d25cm | |
| 330 | @a本书主要内容包括:学习风水应具备的知识、中国传统风水的理论要点、风水理论在城镇和村落中的应用、我国民间流传的主要风水流派等等。 | |
| 606 | 0 | @a城市建筑@Acheng shi jian zhu@x研究@y中国 |
| 690 | @aTU984.2@v4 | |
| 701 | 0 | @a孙景浩@Asun jing hao@4著 |
| 701 | 0 | @a刘昌铭@Aliu chang ming@4著 |
| 701 | 0 | @a刘朴生@Aliu pu sheng@4著 |
| 801 | 0 | @aCN@bQSSK@c20100604 |
| 905 | @b781847-51@dTU984.2@eS922@f5 | |
| 财富地产炼金术/孙景浩, 刘昌铭, 刘朴生著.-上海:上海三联书店,2010.03 |
| 258页:彩图, 地图, 摹真;25cm |
| ISBN 978-7-5426-3212-8:CNY58.00 |
| 本书主要内容包括:学习风水应具备的知识、中国传统风水的理论要点、风水理论在城镇和村落中的应用、我国民间流传的主要风水流派等等。 |
| ● |
| 相关链接 |
|
|
|
正题名:财富地产炼金术
索取号:TU984.2/S922
 
预约/预借
| 序号 | 登录号 | 条形码 | 馆藏地/架位号 | 状态 | 备注 |
| 1 | 781847 | 207818478 | 建筑库201/201建筑库 64排7列3层/ [索取号:TU984.2/S922] | 在馆 | |
| 2 | 781848 | 207818487 | 建筑库201/201建筑库 64排7列3层/ [索取号:TU984.2/S922] | 在馆 | |
| 3 | 781849 | 207818496 | 建筑库201/201建筑库 64排7列3层/ [索取号:TU984.2/S922] | 在馆 | |
| 4 | 781850 | 207818502 | 建筑与城市规划学院资料室/101建筑库 88排3列2层/ [索取号:TU984.2/S922] | 在馆 | |
| 5 | 781851 | 207818511 | 建筑与城市规划学院资料室/201建筑库 66排5列3层/ [索取号:TU984.2/S922] | 在馆 |